| 000 | 02141cam a2200289 i 4500 | ||
|---|---|---|---|
| 003 | SA-RiAUC | ||
| 005 | 20241207094407.0 | ||
| 008 | 241205s2003 le g 00000 ara c | ||
| 020 | _a2745134825 | ||
| 040 |
_aSA-RiAUC _bara _cSA-RiAUC _erda |
||
| 082 | 0 | 4 |
_a259 _qSA-RiAUC |
| 090 |
_a259 _bو ل و |
||
| 100 | 1 |
_aالولوالجي، عبد الرشيد بن أبي حنيفة بن عبد الرزاق، _d467-بعد 540 هجري _eمؤلف. |
|
| 245 | 1 | 2 |
_aالفتاوى الولوالجية / _cأبو الفتح ظهير الدين عبد الرشيد بن أبو حنيفة بن عبد الرزاق الولوالجي ؛ حققه وعلق عليه مقداد بن موسى فريوي ؛ قدمه خليل الميس. |
| 250 | _aالطبعة الأولى. | ||
| 264 | 1 |
_aبيروت : _bدار الكتب العلمية، _c2003 |
|
| 300 |
_a5 مجلد ؛ _c24 سم |
||
| 336 |
_aنص _btxt _2rdacontent _3كتاب |
||
| 337 |
_aبدون وسيط _bn _2rdamedia |
||
| 338 |
_aمجلد _bnc _2rdacarrier |
||
| 505 | 0 | _aالمحتويات : مجلد 1. الطهارة-السجدات-الزكاة-الصوم-الحج-النكاح- مجلد 2. الطلاق-العتاق-الأيمان-الحدود-السرقة-السير-الكراهية والاستحسان-التحري-اللقيط واللقطة-الآبق-المفقود-الغصب- مجلد 3. الوديعة-العارية-الشركة-الصيد والذبائح والأضحية-الوقف-الهبة-البيوع-الشفعة-القسمة-الإجارة- مجلد 4. القضاء-الشهادات-الدعوى-الإقرار-الوكالة-الكفالة والحوالة- مجلد 5. الصلح-الرهن-المضاربة-المزارعة-الشرب-الأشربة-الإكراه-المأذون-الديات-الوصايا-الفرائض-الألفاظ المكفرة-الحيل-المسائل المتفرقة. | |
| 650 | 7 |
_aالفقه الإسلامي _2aucsh |
|
| 700 | 1 |
_aفريوي، مقداد بن موسى _eمحقق. |
|
| 700 | 1 |
_aالميس، خليل محيي الدين، _d1941- _eمقدم. |
|
| 942 |
_2ddc _cBOOK _n0 |
||
| 949 |
_aSA-JeALM _d241205 _uosman123 _n1 |
||
| 999 |
_c3077 _d3077 |
||